000 00667nam a2200205 i 4500
001 187666
003 ES-MaACL
005 20230906223012.0
008 180112s1927 fr |||| | fre d
080 _a821.133.1-31"19"
100 1 _aRosny, J. -H.
_999792
245 1 4 _aLes navigateurs de l'infini
_b: roman /
_cJ.H. Rosny.
250 _a12e éd.
260 _aParis :
_bLa Nouvelle Revue Critique,
_c1927.
300 _a220 p. ;
_c19 cm.
490 1 _aLes maitres du roman ;
_v32
830 0 _aLes maitres du roman ;
_v32
_9233474
852 _aES-MaACL
_jL-31837
_z.- Donat. herederos de la bibl. de Mª del Pilar Costa Palacín
999 _c187666
_d187666